000 00498nam a2200181Ia 4500
001 5066
005 20260306145841.0
008 260306t2014||||xx |||||||||||||| ||spa||
041 _aESP
082 _a332.678
_bL67
100 _aLira Briceño, Paúl
_eAUT
245 0 _aEvaluación de proyectos de inversión:
_bherramientas financieras para analizar la creación de valor
260 _c2014
300 _a239 páginas :
_c24 cm.
650 _aGEN
654 _aCAN
942 _cLIB
_dJUS
_fJUS
_2ddc
_n
999 _c5066
_d5066